|
|
|
|
| LEADER |
01168cam a2200277 7i4500 |
| 001 |
0000033228 |
| 005 |
20170218090000.0 |
| 008 |
100603 eng |
| 020 |
|
|
|a 0769509991 (pbk.)
|
| 020 |
|
|
|a 9780769509990
|
| 040 |
|
|
|a DLC
|
| 090 |
0 |
0 |
|a QA76.76.D42
|b S56 2001
|
| 245 |
0 |
0 |
|a Software process improvement
|c edited by Robin B. Hunter and Richard H. Thayer ; foreword by Mark C. Paulk ; original contributions by Victoria Hailey ... [et al.].
|
| 260 |
|
|
|a Los Alamitos Calif:
|b IEEE Computer Society,
|c 2001.
|
| 300 |
|
|
|a xix, 611 p.:
|b ill.;
|c 28 cm.
|
| 504 |
|
|
|a Includes bibliographical references
|
| 650 |
0 |
0 |
|a Computer software --
|x Development
|
| 700 |
1 |
|
|a Hunter, Robin
|
| 700 |
1 |
|
|a Thayer, Richard H
|
| 997 |
|
|
|a Communication, Visual Art & Computing, Faculty
|b Computing, Department
|
| 998 |
|
|
|a Computer Science (Software Engineering), Degree
|
| 998 |
|
|
|a Information Technology, Degree
|
| 998 |
|
|
|a Computer Science, Degree
|
| 999 |
|
|
|a 0000040756
|b BOK
|c OPEN SHELF
|e 2nd Floor, Bestari Jaya
|
| 999 |
|
|
|a 0000040757
|b BOK
|c OPEN SHELF
|e 2nd Floor, Bestari Jaya
|
| 999 |
|
|
|a 0000040758
|b BOK
|c OPEN SHELF
|e 2nd Floor, Bestari Jaya
|